00339nam a2200133Ia 4500008004100000020001500041041001200056082001600068100001800084245005200102260003500154300000800189650000800197221030s9999 xx 000 0 und d a8121902592 aEnglish a105.23bThe aB. L. Theraja 0aBasic Electronics Solid Statecby B. L. Theraja bS.Chand & Co.aNew Delhic2002 a636 aECE